Southville International School and Colleges
Your cart is empty.
  • Cart
  • Lists
    Public lists Eva Luna New books Lux_list list_1
    Your lists Log in to create your own lists
  • Log in to your account
  • Your cookies
  • Search history
Southville International School and Colleges
  • Advanced search
  • Recent comments
  • Most popular
  • Libraries

Log in to your account

Log in with GOOGLE


If you do not have an external account, but do have a local account, you can still log in:

  1. Home
  2. MARC view: Economics :
Normal view MARC view ISBD view

Economics : (Record no. 8552)

[ view plain ]
MARC details
000 -LEADER
fixed length control field 00595nam a22002297a 4500
003 - CONTROL NUMBER IDENTIFIER
control field OSt
005 - DATE AND TIME OF LATEST TRANSACTION
control field 20140310182030.0
008 - FIXED-LENGTH DATA ELEMENTS--GENERAL INFORMATION
fixed length control field 130814t xxu||||| |||| 00| 0 eng d
020 ## - INTERNATIONAL STANDARD BOOK NUMBER
International Standard Book Number 9780199134137
050 ## - LIBRARY OF CONGRESS CALL NUMBER
Classification number HB 171.5
Item number .M938 2000
082 ## - DEWEY DECIMAL CLASSIFICATION NUMBER
Classification number HS 330
Item number M87 2000
100 ## - MAIN ENTRY--PERSONAL NAME
Personal name Moynihan, Dan
9 (RLIN) 10201
245 ## - TITLE STATEMENT
Title Economics :
Remainder of title a complete course /
Statement of responsibility, etc Dan Moynihan.
260 ## - PUBLICATION, DISTRIBUTION, ETC. (IMPRINT)
Place of publication, distribution, etc New York :
Name of publisher, distributor, etc Oxford University Press,
Date of publication, distribution, etc c2000.
300 ## - PHYSICAL DESCRIPTION
Extent 439 p. ;
Other physical details ill. ;
Dimensions 26 cm.
650 ## - SUBJECT ADDED ENTRY--TOPICAL TERM
Topical term or geographic name as entry element Economics
9 (RLIN) 7586
942 ## - ADDED ENTRY ELEMENTS (KOHA)
Source of classification or shelving scheme Library of Congress Classification
Holdings
Withdrawn status Lost status Source of classification or shelving scheme Damaged status Home library Current library Shelving location Date acquired Total Checkouts Total Renewals Full call number Barcode Date last seen Date checked out Copy number Price effective from Koha item type Source of acquisition
    Library of Congress Classification   Luxembourg Library Luxembourg Library High School Section 08/14/2013 4 2 HB 171.5 .M938 2000 17432 06/18/2018 05/29/2018 1 08/14/2013 Books  
    Library of Congress Classification   Luxembourg Library Luxembourg Library High School Section 08/14/2013 3 12 HB 171.5 .M938 2000 17433 05/06/2019 06/22/2018 2 08/14/2013 Books  
    Library of Congress Classification   Luxembourg Library Luxembourg Library High School Section 08/14/2013 1   HB 171.5 .M938 2000 18979 03/03/2017 02/13/2017 3 08/14/2013 Books  
    Library of Congress Classification   Luxembourg Library Luxembourg Library High School Section 08/15/2013 1   HB 171.5 .M938 2000 18816 03/03/2017 02/13/2017 4 08/15/2013 Books Donation

Economics :

APA

Moynihan D., . (2000). Economics. New York: Oxford University Press.

Chicago

Moynihan Dan, . 2000. Economics. New York: Oxford University Press.

Harvard

Moynihan D., . (2000). Economics. New York: Oxford University Press.

MLA

Moynihan Dan, . Economics. New York: Oxford University Press. 2000.

  • Place hold
  • Print
  • Cite
  • Add to your cart (remove)
  • Save record
    BIBTEX Dublin Core MARCXML MARC (non-Unicode/MARC-8) MARC (Unicode/UTF-8) MARC (Unicode/UTF-8, Standard) MODS (XML) RIS
  • More searches
    Search for this title in:
    Other Libraries (WorldCat) Other Databases (Google Scholar) Online Stores (Bookfinder.com) Open Library (openlibrary.org)

Exporting to Dublin Core...

SOUTHVILLE LIBRARY

Southville International School and Colleges Library

1281 Tropical Ave. Cor. Luxembourg St., BF Homes International, Las Pinas City

Tel. No. 8256374 / 252358 Loc. 117/146

Powered by Koha